Normal view
MARC view
Entry Personal Name
001 - CONTROL NUMBER
- control field: 22370
003 - CONTROL NUMBER IDENTIFIER
- control field: dpl
005 - DATE AND TIME OF LATEST TRANSACTION
- control field: 20100929122823.0
008 - FIXED-LENGTH DATA ELEMENTS
- fixed length control field: 100929|||a|||||| | ||| d
040 ## - CATALOGING SOURCE
- Original cataloging agency: dpl
- Transcribing agency: dpl
100 ## - HEADING--PERSONAL NAME
- Personal name: मनोज कुमार
670 ## - SOURCE DATA FOUND
- Source citation: Work cat.: (dpl)33778: मनोज कुमार, विनोबा भावे /, 2009
670 ## - SOURCE DATA FOUND
- Source citation: Work cat.: (dpl)33778: मनोज कुमार, विनोबा भावे /, 2009
